000 00459nam a2200157Ia 4500
008 210716s2011 xx 000 0 und d
020 _a108179921514
041 _aeng
082 _a658.87 VEDG
100 _aVedamani, Gibson G.
245 _aRetail management: functional principles and practices.
_bFunctional principles and practices.
250 _a3
260 _aNew Delhi
_bJaico Publishing House
_c2011
300 _axviii,308
650 _aRetailing
999 _c206764
_d206764